Wszyscy liderzy Platformy Obywatelskiej - Statystyki

Ogólne statystyki
  • Ten quiz został rozwiązany 51 razy
  • Średni wynik to 5 z 6
Statystyki odpowiedzi
lata w których byli liderem po liderzy % Poprawnych
2021-teraz Donald Tusk
100%
2003-2014 Donald Tusk
100%
2014-2016 Ewa Kopacz
85%
2016-2020 Grzegorz Schetyna
85%
2020-2021 Borys Budka
76%
2001-2003 Maciej Płażyński
41%
Nie znaleziono quizów pasujących do podanych kryteriów
Rozkład punktacji
Procent ludzi z każdym wynikiem
Percentyl według liczby udzielonych odpowiedzi
Twoja historia wyników
Nie rozwiązałeś tego quizu